000 01307nam a22003737a 4500
003 CHAP
005 20220329135613.0
008 971013s1995 r 00010 d
010 _a39171
011 _a40143
035 _a44268
040 _cCHAP
090 _aTesis
100 0 0 _aNuncio Gutiérrez, Arnulfo.
_982208
245 _aPatrón de acumulación de biomasa en pasto arroz indio (Oryzopsis hymenoides) a diferentes alternativas de establecimiento
260 _aChapingo, Méx. :
_bEl autor,
_c1995
300 _a70 h.
502 _aTesis (Ing. Agr. Esp. en Zootecnia) -- UACH. Departamento de Zootecnia
590 _aALEPH
_b10
_c20130110
_lUCH01
_h1306
590 _aBATCH-UPD
_b10
_c20130109
_lUCH01
_h2354
590 _aBATCH-UPD
_b10
_c20130110
_lUCH01
_h1539
590 _aBATCH-UPD
_b10
_c20130409
_lUCH01
_h1926
590 _aBATCH-UPD
_b10
_c20130410
_lUCH01
_h0942
590 _aBATCH-UPD
_b10
_c20130914
_lUCH01
_h0637
590 _aCONVERSION
_b10
_c20130109
_lUCH01
_h1322
650 1 4 _aBiomasa.
_912825
650 1 4 _aGramíneas
_xGerminación.
_950276
650 1 4 _aGramíneas
_xSemilla.
_950289
650 1 4 _aOryzopsis hymenoides.
_984156
901 _aBK
942 _cFOLL
949 _bBC
_cTES
_d-101433
_eTS1
_h27841
_i44268
_si
949 _bBC
_cTES
_d-101434
_eTS2
_fc.2
_h27842
_i44268
_si
999 _c39171
_d39171